000
00301nam a22001217a 4500
008
160429b xxu||||| |||| 00| 0 eng d
020
_a
9780781714518
020
_a
0781714516
041
_a
eng
080
_a
618.2
245
_a
Psychiatric Mental heaith nursing:
_c
Sheila L. Videbeck;
942
_2
udc
_c
BK
999
_c
1685
_d
1685